| 000 | 00788cab a2200205 4500 | ||
|---|---|---|---|
| 001 | L136622 | ||
| 008 | 070212n2007 000 0 eng u | ||
| 035 | _a(Sirsi) u136622 | ||
| 041 | 0 | _aeng | |
| 100 | 1 | _aShephard, Doug | |
| 245 | 0 | 0 | _aProperty search companies fight it out in rapidly changing market |
| 260 | _c2007 | ||
| 490 | 0 | 0 |
_aProperty Forecast _v10(1) January 2007, 12-15(3) |
| 520 | _aExamines current trends in the property search market (including new legislative changes) and assesses what they mean for the market's future. Includes a look at online estate agents and Home Information Packs. | ||
| 590 | _aKA | ||
| 650 | 2 | 4 | _aHOME INFORMATION PACKS |
| 651 | 4 |
_aUnited Kingdom _y |
|
| 690 | _aPROPERTY-RESIDENTIAL PROPERTY-RESIDENTIAL PROPERTY MARKET | ||
| 942 | _n0 | ||
| 999 |
_c78377 _d78377 |
||